| 000 | 00522nam a2200205Ia 4500 | ||
|---|---|---|---|
| 005 | 20260429112154.0 | ||
| 008 | 260429s9999||||xx |||||||||||||| ||und|| | ||
| 020 | _a9781639898954 | ||
| 041 | _aEnglish | ||
| 082 |
_a575.1 _bARA |
||
| 100 | _aAraujo, Louise | ||
| 245 | 0 |
_aGenes, crops and reproduction / _cLouise Araujo |
|
| 250 | _a1st ed. | ||
| 260 |
_aNew York : _bStates Academic Press, _c2025. |
||
| 300 | _avii, 228 p.; hb | ||
| 650 | _a Genes | ||
| 650 | _a Reproduction | ||
| 650 | _aCrops | ||
| 942 | _cTB | ||
| 999 |
_c52718 _d52718 |
||